| 000 -LEADER |
| fixed length control field |
00721nam a2200229Ia 4500 |
| 001 - CONTROL NUMBER |
| control field |
17834 |
| 003 - CONTROL NUMBER IDENTIFIER |
| control field |
GE_BSU |
| 005 - DATE AND TIME OF LATEST TRANSACTION |
| control field |
20221114115640.0 |
| 008 - FIXED-LENGTH DATA ELEMENTS--GENERAL INFORMATION |
| fixed length control field |
181216s2012en xx |||||||||||||| ||eng|| |
| 020 ## - INTERNATIONAL STANDARD BOOK NUMBER |
| International Standard Book Number |
9780521277730x |
| 040 ## - CATALOGING SOURCE |
| Transcribing agency |
GE_BSU |
| 041 ## - LANGUAGE CODE |
| Language code of text/sound track or separate title |
eng |
| 080 ## - UNIVERSAL DECIMAL CLASSIFICATION NUMBER |
| Universal Decimal Classification number |
811.111 R-59 |
| 100 ## - MAIN ENTRY--PERSONAL NAME |
| Personal name |
Rinvolucri, Mario. |
| 9 (RLIN) |
7069 |
| 245 ## - TITLE STATEMENT |
| Title |
Grammar Games. : |
| Remainder of title |
Cognitive, affective and drama activities for EFL students / |
| Statement of responsibility, etc. |
Mario Rinvolucri. |
| 264 ## - PRODUCTION, PUBLICATION, DISTRIBUTION, MANUFACTURE, AND COPYRIGHT NOTICE |
| Place of production, publication, distribution, manufacture |
Cambridge : |
| Name of producer, publisher, distributor, manufacturer |
Cambridge university press, |
| Date of production, publication, distribution, manufacture, or copyright notice |
2012. |
| 300 ## - PHYSICAL DESCRIPTION |
| Extent |
138 p..: |
| Other physical details |
ill. |
| Dimensions |
28 cm. |
| 653 ## - INDEX TERM--UNCONTROLLED |
| keyword |
Cognitive, affective and drama activities for EFL students |
| 653 ## - INDEX TERM--UNCONTROLLED |
| keyword |
Grammar Games |
| 653 ## - INDEX TERM--UNCONTROLLED |
| keyword |
ინგლისური ენა |
| 942 ## - ADDED ENTRY ELEMENTS (KOHA) |
| Koha item type |
წიგნი |
| Source of classification or shelving scheme |
|